<?xml version="1.0" encoding="UTF-8"?>
<marc:record xmlns:marc="http://www.loc.gov/MARC21/slim">
   <marc:leader>00000nam a2200000 a 4500</marc:leader>
   <marc:datafield ind1="0" ind2="0" tag="245">
      <marc:subfield code="a">Champion Papa Wutz [Bildtonträger]</marc:subfield>
   </marc:datafield>
   <marc:datafield ind1="0" ind2="0" tag="245">
      <marc:subfield code="b">10 lustige Geschichten</marc:subfield>
   </marc:datafield>
   <marc:datafield ind1=" " ind2="1" tag="264">
      <marc:subfield code="b">Universal Pictures</marc:subfield>
      <marc:subfield code="c">2020</marc:subfield>
   </marc:datafield>
   <marc:datafield ind1="1" ind2=" " tag="490">
      <marc:subfield code="a">Peppa Pig</marc:subfield>
   </marc:datafield>
   <marc:datafield ind1="1" ind2=" " tag="520">
      <marc:subfield code="a">GeschichtenPapa Wutz hat seinen Titel als Matschepfützen-Champion verloren. Wird er es schaffen, das Matschepfützenspringen erneut zu gewinnen und sich den Titel zurückzuholen?Am nächsten Tag gründet Peppas Freundin Luzie einen Geheimclub. Nur mit dem Geheimwort wird man dort aufgenommen. "Flubdischwubbel" ruft Peppa - und ist drin. Da kommt Klausi Kläff vorbei. Er möchte auch mitmachen. "Schalamakuki" ruft er - und darf mitmachen.Erlebe diese und viele weitere lustige Abenteuer mit Peppa, ihrem kleinen Bruder Schorsch, Mama Wutz, Papa Wutz und all ihren Freunden.</marc:subfield>
   </marc:datafield>
   <marc:datafield ind1=" " ind2=" " tag="020">
      <marc:subfield code="a">5053083199869</marc:subfield>
      <marc:subfield code="9">5053083199869</marc:subfield>
   </marc:datafield>
   <marc:datafield ind1=" " ind2=" " tag="500">
      <marc:subfield code="a">Orig. : GB 2004. Sprache: Deutsch</marc:subfield>
   </marc:datafield>
   <marc:datafield ind1="0" ind2=" " tag="490">
      <marc:subfield code="v">0</marc:subfield>
   </marc:datafield>
   <marc:datafield ind1=" " ind2=" " tag="300">
      <marc:subfield code="a">1 DVD (52 Min.) : farbig</marc:subfield>
   </marc:datafield>
</marc:record>
